000 01288nam a2200241Ia 4500
003 Ost
005 20260507075650.0
008 260507s9999||||xx |||||||||||||| ||und||
020 _a7737287977
040 _cfsecg
041 _aara
082 _a5.369
100 _aعناني، عمرو
_eمؤلف
245 0 _aتحليل البيانات باستخدام برنامج Microsoft Excel 2003 :
_bالإصدارات من Excel 2000 الىExcel 2003 /
_c عمرو عناني
260 _aالقاهرة:
_bدار الكتب العلمية للنشر والتوزيع,
_c2004
300 _a262 صفحة؛
_bإيضاحات ؛
_c24 سم
520 _aتصنيف البيانات- الاساليب المبدئية المستخدمة في تحليل البيانات- تحليل البيانات في Microsoft Excel- التعرف على تقارير الجداول المحورية وتقارير التخطيطات البيانية المحورية- تحليل البيانات باستخدام مكونات ويب لحزمة برامج office- أدوات تحليل البيانات في Exce.
653 _aالبرمجيات
653 _aالحاسبات الإلكترونية
653 _aتحليل البيانات
653 _aMicrosoft Excel 2003
942 _cكتاب
999 _c45575
_d45575